000 00787nam a2200265Ia 4500
003 OSt
005 20220928105535.0
006 a|||||r|||| 00| 0
007 ta
008 220927b |||||||| |||| 00| 0 eng d
020 _c550
024 _a107638
037 _b1145, 10/03/2010, Kiran Book Service
_cTextual
040 _aSDCL
_cSDCL
_beng
041 _2eng
_aeng
082 _aO142,1L99w, 152P9
100 _aTroyat Henery
_9415627
245 0 _aPushkin.
260 _aMeerut
_bSamvad Prakashan
_c2009
300 _a364p.
_ccm.
650 _aHindi
_9391598
700 _a Vallabh Sidharth Ed.
_9415628
942 _hO142,1L99w, 152P9
_cTEXL
_2CC
999 _c731490
_d731490